That sinking feeling (Record no. 78713)

MARC details
000 -LEADER
fixed length control field 01230cab a22002415a 4500
001 - CONTROL NUMBER
control field L137785
008 - FIXED-LENGTH DATA ELEMENTS--GENERAL INFORMATION
fixed length control field 070430e20070420xxk f 000 0 eng d
035 ## - SYSTEM CONTROL NUMBER
System control number (Sirsi) u137785
041 0# - LANGUAGE CODE
Language code of text/sound track or separate title eng
100 1# - MAIN ENTRY--PERSONAL NAME
Personal name Martin, John
245 00 - TITLE STATEMENT
Title That sinking feeling
260 ## - PUBLICATION, DISTRIBUTION, ETC.
Date of publication, distribution, etc. 2007
490 #0 - SERIES STATEMENT
Series statement Solicitors' Journal
Volume/sequential designation (494) 20 April 2007, 494(1)
520 ## - SUMMARY, ETC.
Summary, etc. Property article warns that commercial tenants should be aware of potential problems with sinking and reserve fund provisions. Defines the differences between the purpose of the two types of fund. Briefly sets out advantages and disadvantages of each. Points out that in June 2006, the voluntary Service Charges in Commercial Property: RICS Code of Practice was launched. Case law.
590 ## - LOCAL NOTE (RLIN)
Local note KA
610 24 - SUBJECT ADDED ENTRY--CORPORATE NAME
Corporate name or jurisdiction name as entry element ROYAL INSTITUTION OF CHARTERED SURVEYORS
650 24 - SUBJECT ADDED ENTRY--TOPICAL TERM
Topical term or geographic name entry element SECRETARY OF STATE FOR THE ENVIRONMENT V POSSFUND
650 24 - SUBJECT ADDED ENTRY--TOPICAL TERM
Topical term or geographic name entry element BROWN'S OPERATING SYSTEM SERVICES LTD V SOUTHWARK ROMAN CATHOLIC DIOCESAN CORPORATION
651 #4 - SUBJECT ADDED ENTRY--GEOGRAPHIC NAME
Geographic name England and Wales
Chronological subdivision 1543-
690 ## - LOCAL SUBJECT ADDED ENTRY--TOPICAL TERM (OCLC, RLIN)
Topical term or geographic name as entry element PROPERTY-COMMERCIAL PROPERTY-COMMERCIAL LANDLORD AND TENANT-COMMERCIAL LEASES
690 ## - LOCAL SUBJECT ADDED ENTRY--TOPICAL TERM (OCLC, RLIN)
Topical term or geographic name as entry element PROPERTY-COMMERCIAL PROPERTY-COMMERCIAL LANDLORD AND TENANT-COMMERCIAL SERVICE CHARGES
942 ## - ADDED ENTRY ELEMENTS (KOHA)
Suppress in OPAC 0
Holdings
Withdrawn status Lost status Source of classification or shelving scheme Damaged status Not for loan Home library Current library Shelving location Date acquired Total Checkouts Full call number Barcode Date last seen Copy number Price effective from Koha item type
    Dewey Decimal Classification     London London Journal article 30/04/2007   L137785 137785-3001 06/08/2019 1 06/08/2019 Journal article